MARC

LEADER 00000nam0a2200000 4500
001 180146
005 20231031170643.0
020 |a RU  |b 81-20959 
035 |a (RuTPU)RU\TPU\book\195294 
090 |a 180146 
100 |a 20100508d1980 km y0rusy5003 ca 
101 0 |a rus 
102 |a RU 
105 |a a z 001zy 
200 1 |a Электрические и оптические свойства полупроводников  |e сборник статей  |f Академия наук СССР (АН СССР), Дагестанский филиал, Институт физики ; под ред. Х. И. Амирханова 
210 |a Махачкала  |d 1980 
215 |a 162 с.  |c ил., 4 л. ил. 
610 1 |a полупроводники 
610 1 |a оптические свойства 
610 1 |a электрические свойства 
610 1 |a электронный газ 
610 1 |a магнитодиоды 
610 1 |a стеклообразное состояние 
610 1 |a стеклообразные полупроводники 
610 1 |a теллур 
675 |a 537.311.322  |z rus 
702 1 |a Амирханов  |b Х. И.  |4 340 
712 0 2 |a Академия наук СССР (АН СССР)  |b Дагестанский филиал  |b Институт физики  |c (Махачкала)  |2 stltpush  |3 (RuTPU)RU\TPU\col\13243 
801 0 |a RU  |b RuMRKP  |c 19950704  |g psbo 
801 1 |a RU  |b 63413507  |c 20100508 
801 2 |a RU  |b 63413507  |c 20110216  |g RCR 
942 |c BK